000
00280nam a22001217a 4500
020
_q
PB.
040
_c
FIZZA ISHAQ
082
_a
624.1
245
_a
MINIMUM DESIGN LOADS FOR BUILDINGS AND OTHER STRUCTURES /
260
_a
ASCE ;
_c
2010.
300
_a
608 P. ;
942
_2
ddc
_c
BK
999
_c
588903
_d
588903